01090 2200445 4500001002100000005001500021035002000036007000300056008004100059020002200100082000800122084001900130100002000149245005700169260003300226300001700259990001600276990001600292990001600308990001600324990001600340990001600356990001600372990001600388990001600404990001600420990001600436990001600452990001600468990001600484990001600500990001600516990001600532990001600548990001600564990001600580990001600596990001600612990001600628INLIS00000000000164620220727104418 a0010-0722000032ta220727 g 0 ind  a978-623-6729-04-5 a493 a493 HAF b c.230 aMuhammad Hafidz1 aBahasa Arab (Balaghah) Kelas XII Peminatan Keagamaan aJakarta :bKemenag RI,c2020 a164 ;c29 cm a2022/h/1538 a2022/h/1539 a2022/h/1540 a2022/h/1541 a2022/h/1542 a2022/h/1543 a2022/h/1544 a2022/h/1545 a2022/h/1546 a2022/h/1547 a2022/h/1548 a2022/h/1549 a2022/h/1550 a2022/h/1551 a2022/h/1552 a2022/h/1553 a2022/h/1554 a2022/h/1555 a2022/h/1556 a2022/h/1557 a2022/h/1558 a2022/h/1559 a2022/h/1560